| 000 | 00995nam a22001817a 4500 | ||
|---|---|---|---|
| 999 |
_c7804 _d7804 |
||
| 008 | 230717b ||||| |||| 00| 0 eng d | ||
| 040 | _aCDMR | ||
| 245 |
_aRecomanacions sobre el tractament informatiu del fet religiós als mitjans de comunicació [recurs electrònic] _c/ [Consell de l'Audiovisual de Catalunya, Direcció General d’Afers Religiosos] |
||
| 260 |
_aBarcelona : _bCAC, DGAR, _c2023 |
||
| 300 | _a1 recurs electrònic (73 pàgines) | ||
| 505 | _aRecomanacions elaborades pel CAC i la DGAR a partir del document "Guia adreçada als periodistes i als mitjans de comunicació", de Clara Fons Duocastella, Elisenda Sevilla Altés i Eulàlia Tort Bodro. | ||
| 650 | 0 |
_93101 _aReligió i premsa |
|
| 650 | 0 |
_9983 _aÈtica periodística |
|
| 710 | 1 |
_9828 _aConsell de l'Audiovisual de Catalunya |
|
| 710 |
_94900 _aGeneralitat de Catalunya. Direcció General d’Afers Religiosos |
||
| 856 |
_uhttps://omeka.periodistes.cat/items/show/718 _zAccés en línia |
||
| 942 |
_2udc _cLLIBRE-E |
||